书目信息 |
| 题名: |
岳海波人物画新作
|
|
| 作者: | 岳海波 绘 ;李克竣 主编 | |
| 分册: | ||
| 出版信息: | 大连 大连出版社 2008.01 |
|
| 页数: | 46页 | |
| 开本: | 29cm | |
| 丛书名: | 国画导学范本 | |
| 单 册: | ||
| 中图分类: | J222.7 | |
| 科图分类: | ||
| 主题词: | 中国画--zhong guo hua--人物画--中国--现代--作品集 | |
| 电子资源: | ||
| ISBN: | 978-7-80684-599-8 | |
| 000 | 00910nam 2200265 450 | |
| 001 | 012008299092 | |
| 005 | 20080523085034.50 | |
| 010 | @a978-7-80684-599-8@dCNY25.00 | |
| 100 | @a20080523d2008 em y0chiy0120 ea | |
| 101 | 0 | @achi |
| 102 | @aCN@b210000 | |
| 105 | @aac z 000yy | |
| 106 | @ar | |
| 200 | 1 | @a岳海波人物画新作@Ayue hai bo ren wu hua xin zuo@f李克竣主编@Fli ke jun zhu bian |
| 210 | @a大连@c大连出版社@d2008.01 | |
| 215 | @a46页@c图, 肖像@d29cm | |
| 225 | 2 | @a国画导学范本@Aguo hua dao xue fan ben |
| 330 | @a本书收录的画有:旧梦,吉日·适宜出行·NO1,吉日·适宜出行·NO2,吉日·适宜出行·NO3,冷香,一雨如洗,春逝等。 | |
| 410 | 0 | @12001 @a国画导学范本 |
| 606 | 0 | @a中国画@Azhong guo hua@x人物画@y中国@z现代@j作品集 |
| 690 | @aJ222.7@v4 | |
| 701 | 0 | @a岳海波@Ayue hai bo@4绘 |
| 702 | 0 | @a李克竣@Ali ke jun@4主编 |
| 801 | 0 | @aCN@bQSSK@c20080523 |
| 905 | @b713100-02@dJ222.7@eY948@f3 | |
| 岳海波人物画新作/李克竣主编.-大连:大连出版社,2008.01 |
| 46页:图, 肖像;29cm.-(国画导学范本) |
| ISBN 978-7-80684-599-8:CNY25.00 |
| 本书收录的画有:旧梦,吉日·适宜出行·NO1,吉日·适宜出行·NO2,吉日·适宜出行·NO3,冷香,一雨如洗,春逝等。 |
| ● |
| 相关链接 |
|
|
|
正题名:岳海波人物画新作
索取号:J222.7/Y948
 
预约/预借
| 序号 | 登录号 | 条形码 | 馆藏地/架位号 | 状态 | 备注 |
| 1 | 713100 | 207131003 | 社科库309/309社科库 75排4列2层/ [索取号:J222.7/Y948] | 在馆 | |
| 2 | 713101 | 207131012 | 社科库309/309社科库 75排4列2层/ [索取号:J222.7/Y948] | 在馆 | |
| 3 | 713102 | 207131021 | 社科库309/309社科库 75排4列2层/ [索取号:J222.7/Y948] | 在馆 |